[Event "RUS-chT2"]
[Site "Sochi"]
[Date "2017.05.09"]
[Round "8.7"]
[White "Gutenev, Alexander"]
[Black "Ozgibcev, Anatoly"]
[Result "1-0"]
[WhiteElo "2448"]
[BlackElo "2379"]
[PlyCount "73"]
[EventDate "2017.05.01"]
[EventType "team-swiss"]
[EventRounds "9"]
[EventCountry "RUS"]
[SourceTitle "CBM 178 Extra"]
[Source "ChessBase"]
[SourceDate "2017.06.22"]
[SourceVersion "1"]
[SourceVersionDate "2017.06.22"]
[SourceQuality "1"]
[WhiteTeam "Cheliabinsk Yuzhnyy Ural"]
[BlackTeam "Nizhny Tagil Politekhnik"]
[WhiteTeamCountry "RUS"]
[BlackTeamCountry "RUS"]

1. e4 e5 2. Nf3 Nc6 3. Bb5 Nge7 4. Nc3 Ng6 5. d4 exd4 6. Nxd4 Bc5 7. Nf5 0-0 8. 0-0 d6 9. Nd5 Nce7 10. Bg5 f6 11. Bc4 Nxd5 12. Bxd5+ Kh8 13. Be3 Bxe3 14. Nxe3 Ne7 15. Bb3 f5 16. exf5 Nxf5 17. Re1 Qg5 18. Qf3 Bd7 19. Qxb7 Nd4 20. Bd5 c6 21. c3 Qd8 22. cxd4 Rb8 23. Qa6 cxd5 24. Qe2 Qb6 25. b3 a5 26. Nxd5 Qxd4 27. Rad1 Qc5 28. Qe3 Qa3 29. Qd4 Rbe8 30. Rxe8 Bxe8 31. Nc3 Rf6 32. Ne4 Rg6 33. Nxd6 Bc6 34. Nf7+ Kg8 35. Ne5 Rxg2+ 36. Kf1 Bb7 37. Qc4+ 1-0

[Event "RUS-chT2"]
[Site "Sochi"]
[Date "2017.05.08"]
[Round "7.6"]
[White "Ozgibcev, Anatoly"]
[Black "Alexeev, Alexey"]
[Result "1/2-1/2"]
[WhiteElo "2379"]
[BlackElo "2301"]
[PlyCount "120"]
[EventDate "2017.05.01"]
[EventType "team-swiss"]
[EventRounds "9"]
[EventCountry "RUS"]
[SourceTitle "CBM 178 Extra"]
[Source "ChessBase"]
[SourceDate "2017.06.22"]
[SourceVersion "1"]
[SourceVersionDate "2017.06.22"]
[SourceQuality "1"]
[WhiteTeam "Nizhny Tagil Politekhnik"]
[BlackTeam "Krym Respublic Tauris"]
[WhiteTeamCountry "RUS"]
[BlackTeamCountry "RUS"]

1. e4 e6 2. d3 d5 3. Nd2 c5 4. Ngf3 Nf6 5. g3 g6 6. Bg2 Bg7 7. 0-0 0-0 8. c3 Nc6 9. Re1 a5 10. a4 b6 11. Qb3 Ba6 12. Bf1 Qc7 13. Qc2 Rac8 14. Nb1 c4 15. dxc4 dxe4 16. Ng5 Ne5 17. Bg2 Nd3 18. Rd1 Nxc1 19. Qxc1 Bxc4 20. Nxe4 Nxe4 21. Bxe4 f5 22. Bg2 f4 23. Nd2 fxg3 24. hxg3 Rxf2 25. Ne4 Rxg2+ 26. Kxg2 Bd5 27. Re1 Qb7 28. Qf4 Rc4 29. Kf3 g5 30. Qxg5 Bxe4+ 31. Ke3 Rc8 32. Rad1 Bd5 33. c4 Rxc4 34. Qd8+ Bf8 35. Rf1 Qg7 36. Rxf8+ Qxf8 37. Rxd5 Qxd8 38. Rxd8+ Kf7 39. Rd7+ Kf6 40. Rxh7 Rxa4 41. Kd3 Rb4 42. Kc3 Ke5 43. Rb7 Ke4 44. Re7 e5 45. g4 Rb5 46. g5 Rc5+ 47. Kd2 Rc6 48. Rf7 Rg6 49. Rf6 Rxg5 50. Rxb6 Kd4 51. Rd6+ Kc5 52. Ra6 Kb5 53. Re6 a4 54. Re8 Kc4 55. Ra8 Rg2+ 56. Ke3 Rg3+ 57. Kf2 Rb3 58. Rxa4+ Kd3 59. Ra3 Rxa3 60. bxa3 e4 1/2-1/2

[Event "RUS-chT2"]
[Site "Sochi"]
[Date "2017.05.07"]
[Round "6.7"]
[White "Ozgibcev, Anatoly"]
[Black "Nazaretyan, Tigran"]
[Result "1/2-1/2"]
[WhiteElo "2379"]
[BlackElo "2356"]
[PlyCount "111"]
[EventDate "2017.05.01"]
[EventType "team-swiss"]
[EventRounds "9"]
[EventCountry "RUS"]
[SourceTitle "CBM 178 Extra"]
[Source "ChessBase"]
[SourceDate "2017.06.22"]
[SourceVersion "1"]
[SourceVersionDate "2017.06.22"]
[SourceQuality "1"]
[WhiteTeam "Nizhny Tagil Politekhnik"]
[BlackTeam "Vladikavkaz Highlanders"]
[WhiteTeamCountry "RUS"]
[BlackTeamCountry "RUS"]

1. e4 c5 2. c3 Nf6 3. e5 Nd5 4. d4 cxd4 5. Nf3 Nc6 6. cxd4 d6 7. Bc4 Nb6 8. Bb5 dxe5 9. Nxe5 Bd7 10. Nxd7 Qxd7 11. Nc3 e6 12. Qg4 h5 13. Qf3 a6 14. Bxc6 Qxc6 15. Qxc6+ bxc6 16. Be3 a5 17. Ke2 a4 18. Rac1 Kd7 19. Rc2 f5 20. Rhc1 Bd6 21. g3 h4 22. Bd2 h3 23. Nd1 Rhc8 24. f3 Nd5 25. Nf2 Rab8 26. Kf1 Rh8 27. Nd3 Rb6 28. Rc4 Ra6 29. Kg1 Rg8 30. Nf2 Rb8 31. R1c2 a3 32. bxa3 Rb1+ 33. Rc1 Rb2 34. R1c2 Rb1+ 35. Rc1 Rb2 36. R1c2 Rxc2 37. Rxc2 Rxa3 38. f4 Ra4 39. Nxh3 Rxd4 40. Nf2 c5 41. Kf1 Kc6 42. Ke2 Ra4 43. Nd3 c4 44. Nb2 Rxa2 45. Rxc4+ Kb5 46. Rc2 e5 47. fxe5 Bxe5 48. Nc4 Rxc2 49. Na3+ Kc5 50. Nxc2 Kd6 51. Kf3 Ke6 52. Ne3 g5 53. g4 Nxe3 54. Bxe3 Bxh2 55. Bxg5 fxg4+ 56. Kxg4 1/2-1/2

[Event "RUS-chT2"]
[Site "Sochi"]
[Date "2017.05.03"]
[Round "3.8"]
[White "Antonenko, Vladimir Georgievic"]
[Black "Ozgibcev, Anatoly"]
[Result "1/2-1/2"]
[WhiteElo "2311"]
[BlackElo "2379"]
[PlyCount "158"]
[EventDate "2017.05.01"]
[EventType "team-swiss"]
[EventRounds "9"]
[EventCountry "RUS"]
[SourceTitle "CBM 178 Extra"]
[Source "ChessBase"]
[SourceDate "2017.06.22"]
[SourceVersion "1"]
[SourceVersionDate "2017.06.22"]
[SourceQuality "1"]
[WhiteTeam "Novosibirsk NSTU"]
[BlackTeam "Nizhny Tagil Politekhnik"]
[WhiteTeamCountry "ZAR"]
[BlackTeamCountry "RUS"]

1. d4 Nf6 2. c4 d6 3. Nf3 g6 4. Nc3 Bg7 5. e4 0-0 6. Be2 e5 7. 0-0 Nbd7 8. Re1 c6 9. Bf1 a5 10. dxe5 dxe5 11. Na4 Re8 12. Qc2 b6 13. h3 Nc5 14. Nxc5 bxc5 15. Be3 Bf8 16. Bg5 h6 17. Rad1 Qe7 18. Bh4 Bg7 19. Rd2 g5 20. Bg3 Nh5 21. Red1 Nf4 22. Bxf4 exf4 23. e5 g4 24. hxg4 Bxg4 25. Qe4 Rad8 26. Qxf4 Rxd2 27. Rxd2 Bxf3 28. Qxf3 Qxe5 29. Qxc6 Qe1 30. Rd3 Bd4 31. Rg3+ Kh7 32. Rf3 Kg7 33. Qc7 Re7 34. Qg3+ Kh7 35. Qh4 Rd7 36. Qg4 Re7 37. g3 Kh8 38. Kg2 Qe4 39. Qh5 Re6 40. Bd3 Qb7 41. Qf5 Kg7 42. Qg4+ Kf8 43. b3 Rf6 44. Bf5 Qe7 45. Rf4 Qb7+ 46. Re4 Rd6 47. Qf3 Qc7 48. Be6 Qe7 49. Bf5 Qf6 50. Qg4 Qg5 51. Qf3 Rf6 52. Rf4 h5 53. Qd5 Kg7 54. a3 Kh6 55. b4 axb4 56. axb4 cxb4 57. Rxd4 Qxf5 58. Qxf5 Rxf5 59. Rd6+ Kg7 60. Rb6 Ra5 61. Rxb4 Ra3 62. Rb6 Rc3 63. Rc6 f6 64. f4 Kg6 65. Kh3 Rc1 66. Rc8 Rh1+ 67. Kg2 Rc1 68. Kf3 Kf5 69. Rc5+ Ke6 70. Ke4 Re1+ 71. Kd3 Rg1 72. Rxh5 Rxg3+ 73. Ke4 Rc3 74. Rc5 f5+ 75. Kd4 Rf3 76. Re5+ Kf6 77. c5 Rxf4+ 78. Kd5 Re4 79. Rxe4 fxe4 1/2-1/2

[Event "RUS-chT2"]
[Site "Sochi"]
[Date "2016.05.04"]
[Round "4.11"]
[White "Aivazian, Grigory"]
[Black "Ozgibcev, Anatoly"]
[Result "0-1"]
[WhiteElo "2315"]
[BlackElo "2375"]
[PlyCount "86"]
[EventDate "2016.05.01"]
[EventType "team-swiss"]
[EventRounds "9"]
[EventCountry "RUS"]
[SourceTitle "EXT 2018"]
[Source "ChessBase"]
[SourceDate "2017.10.13"]
[SourceVersion "1"]
[SourceVersionDate "2017.10.13"]
[SourceQuality "1"]
[WhiteTeam "Vladikavkaz Alanya"]
[BlackTeam "Nizhny Tagil Politekhnik"]
[WhiteTeamCountry "RUS"]
[BlackTeamCountry "RUS"]

1. Nf3 d5 2. g3 c5 3. Bg2 Nc6 4. d4 e6 5. 0-0 Nf6 6. c4 cxd4 7. cxd5 exd5 8. Nxd4 Be7 9. Nc3 0-0 10. a3 Bg4 11. h3 Be6 12. Kh2 Rc8 13. Nxc6 bxc6 14. Qd3 c5 15. Bg5 d4 16. Bxf6 Bxf6 17. Ne4 Be7 18. b3 c4 19. bxc4 Bxc4 20. Qf3 Qa5 21. Rfd1 Rfd8 22. Nd2 Be6 23. Qb7 Rc7 24. Qb1 h5 25. Kg1 d3 26. exd3 Bf6 27. Ne4 Bxa1 28. Qxa1 Bb3 29. Rc1 Bc2 30. Bf1 Bxd3 31. Bxd3 Rxd3 32. Rxc7 Qxc7 33. Qb2 h4 34. Qb5 Qd8 35. g4 Rxa3 36. Qe5 Ra5 37. Qf4 Rb5 38. Nd6 Rb1+ 39. Kh2 Qf8 40. Qe5 Rb6 41. Nb5 a5 42. Kg1 Qb8 43. Nc7 Rb7 0-1